| 000 | 00995nam a2200253Ia 4500 | ||
|---|---|---|---|
| 003 | OSt | ||
| 005 | 20220923222539.0 | ||
| 006 | a|||||r|||| 00| 0 | ||
| 007 | ta | ||
| 008 | 220922b |||||||| |||| 00| 0 hin d | ||
| 024 | _a205,870 | ||
| 037 | _cTextual | ||
| 040 |
_aARTS _cARTS _bhin |
||
| 041 |
_2hin _ahin |
||
| 082 | _aP:7, 152L6-;2(=)-;3-;10 | ||
| 100 |
_aसुरेश कुमार; श्रीवास्तव, रवीन्द्रनाथ _9167038 |
||
| 245 | 0 | _aशैली और शैली विज्ञान | |
| 246 | _aShailī aur shailī vijnyāna | ||
| 260 |
_aआगरा _b केनद्रीय हिन्दी संस्थान _c1976 |
||
| 300 |
_a228पृ. _ccm. |
||
| 490 | _aदशाब्दी गं्रथ प्रका0; 8 | ||
| 942 |
_hP:7, 152L6-;2(=)-;3-;10 _cTEXL _2CC |
||
| 999 |
_c356549 _d356549 |
||